| 000 | 00588nam a2200193Ia 4500 | ||
|---|---|---|---|
| 999 |
_c32032 _d32032 |
||
| 003 | OSt | ||
| 005 | 20200805105154.0 | ||
| 008 | 190216s9999||||xx |||||||||||||| ||und|| | ||
| 020 | _a9788177584059 | ||
| 040 | _coclc | ||
| 082 |
_a519.402855369 _bMAT/N |
||
| 100 |
_aMathews, John H _93835 |
||
| 245 | 0 |
_aNumerical Methods Using Matlab / _cJohn H Mathews ; Kurtis D Fink |
|
| 250 | _a4th Ed. | ||
| 260 |
_bPearson Education Asia, _aNew Delhi: _c2006. |
||
| 300 | _a690p | ||
| 650 | _aMathematics | ||
| 942 |
_cBK _2ddc _h519.402855369 _iMAT/N _k519.402855369 _mMAT/N |
||